Tratándose de ustedes / (Record no. 185764)

MARC details
000 -LEADER
campo de control de longitud fija 00678nam a2200217 i 4500
001 - NÚMERO DE CONTROL
campo de control 185764
003 - IDENTIFICADOR DE NÚMERO DE CONTROL
campo de control SpMaBN
005 - FECHA Y HORA DE LA ÚLTIMA TRANSACCIÓN
campo de control 20250822063236.0
008 - DATOS DE LONGITUD FIJA--INFORMACIÓN GENERAL
campo de control de longitud fija 160805s1999 sp |||| | spa d
020 ## - NÚMERO INTERNACIONAL ESTÁNDAR DEL LIBRO
Número Internacional Estándar del Libro 84-8310-117-3
080 ## - NÚMERO DE LA CLASIFICACIÓN DECIMAL UNIVERSAL
Número de la Clasificación Decimal Universal 821.134.2-31"19"
100 1# - ENTRADA PRINCIPAL--NOMBRE DE PERSONA
Nombre de persona Benítez Reyes, Felipe,
Fechas asociadas al nombre 1960-
9 (RLIN) 27647
245 10 - MENCIÓN DEL TÍTULO
Título Tratándose de ustedes /
Mención de responsabilidad, etc. Felipe Benítez Reyes.
250 ## - MENCION DE EDICION
Mención de edición 1ª ed. en Colección Andanzas.
260 ## - PUBLICACIÓN, DISTRIBUCIÓN, ETC.
Lugar de publicación, distribución, etc. Barcelona :
Nombre del editor, distribuidor, etc. Tusquets,
Fecha de publicación, distribución, etc. 1999.
300 ## - DESCRIPCIÓN FÍSICA
Extensión 190 p. ;
Dimensiones 21 cm.
490 1# - MENCIÓN DE SERIE
Mención de serie Andanzas ;
Designación de volumen o secuencia 391
830 00 - PUNTO DE ACCESO ADICIONAL DE SERIE-TÍTULO UNIFORME
Título uniforme Colección Andanzas
Designación de volumen o secuencia 391
9 (RLIN) 234359
852 ## - LOCALIZACIÓN
Ubicación ES-MaACL
Número de control de estantería L-30528
Nota libre . - Donat. Miguel A. Velasco
Holdings
Estatus retirado Estado de pérdida Estado de daño No para préstamo Biblioteca de origen Biblioteca actual Ubicación en estantería Fecha de adquisición Fuente de adquisición Total de préstamos Signatura topográfica completa Código de barras Visto por última vez Precio de reemplazo Tipo de ítem Koha
        Biblioteca del Ateneo de Madrid Biblioteca del Ateneo de Madrid Depósito 2 05/08/2016     L-30528 1195818 23/02/2023 23/02/2023 Libro impreso